| 000 | 01510cam a22003494a 4500 | ||
|---|---|---|---|
| 090 | _c0 | ||
| 001 | 11922028 | ||
| 005 | 20020821200245.0 | ||
| 008 | 000225s2001 xxka b 001 0 eng | ||
| 010 | _a 00023667 | ||
| 020 | _a0521782104 | ||
| 040 |
_aDLC _cDLC _dDLC |
||
| 042 | _apcc | ||
| 050 | 0 | 0 |
_aTA656 _b.E45 2001 |
| 082 | 0 | 0 |
_a624.17 _221 _bELI |
| 100 | 1 | _aElishakoff, Isaac. | |
| 245 | 1 | 0 |
_aNon-classical problems in the theory of elastic stability / _cIsaac Elishakoff, Yiwei Li, James H. Starnes, Jr. |
| 260 |
_aCambridge, UK ; _aNew York, NY : _bCambridge University Press, _cc2001. |
||
| 300 |
_axvi, 336 p. : _bill. ; _c26 cm. |
||
| 504 | _aIncludes bibliographical references and indexes. | ||
| 650 | 0 |
_aStructural stability _xStatistical methods. |
|
| 650 | 0 | _aProbabilities. | |
| 650 | 0 | _aElastic analysis (Engineering) | |
| 650 | 0 | _aBuckling (Mechanics) | |
| 700 | 1 | _aLi, Yiwei. | |
| 700 | 1 | _aStarnes, James H. | |
| 856 | 4 | 2 |
_3Publisher description _uhttp://www.loc.gov/catdir/description/cam021/00023667.html |
| 856 | 4 | 1 |
_3Table of contents _uhttp://www.loc.gov/catdir/toc/cam023/00023667.html |
| 942 |
_2ddc _cBB |
||
| 999 |
_c10413 _d10413 |
||